LEADER 01241nam0-2200385---450- 001 990008671040403321 005 20081030130841.0 010 $a0-8218-4094-8 035 $a000867104 035 $aFED01000867104 035 $a(Aleph)000867104FED01 035 $a000867104 100 $a20080610d2007----km-y0itay50------ba 101 0 $aeng 102 $aUS 105 $ay-------101yy 200 1 $aAlgebra, geometry, and their interactions$eInternational Conference Midwest Algebra, Geometry and their Interactions: October 7-11, 2005, University of Notre Dame, Notre Dame, Indiana$fAlbert Corso, Juan Migliore, Claudia Polini, editors. 210 $aProvidence$cAmerican Mathematical society$dc2007 215 $aviii, 270 p.$d24 cm 225 1 $aContemporary mathematics$v448 610 0 $aAlgebra$aCongressi 610 0 $aGeometria$aCongressi 676 $a512$v22 702 1$aCorso,$bAlberto 702 1$aMigliore,$bJuan C. 702 1$aPolini,$bClaudia 801 0$aIT$bUNINA$gRICA$2UNIMARC 901 $aBK 912 $a990008671040403321 952 $aC-1-(448$b23129$fMA1 959 $aMA1 962 $a05C90 962 $a13C40 996 $aAlgebra, geometry, and their interactions$9718219 997 $aUNINA LEADER 02145nam 2200457 450 001 9910809982303321 005 20230803041226.0 010 $a92-9254-344-X 035 $a(CKB)3710000000605351 035 $a(EBL)4453779 035 $a(OCoLC)945613311 035 $a(MiAaPQ)EBC4453779 035 $a(EXLCZ)993710000000605351 100 $a20160624h20132013 uy 0 101 0 $aeng 135 $aur|n|---||||| 181 $2rdacontent 182 $2rdamedia 183 $2rdacarrier 200 10$aAsian Development Bank-Japan scholarship program $eannual report 2012 /$fAsian Development Bank 210 1$aMetro Manila, Philippines :$cAsian Development Bank,$d2013. 210 4$dİ2013 215 $a1 online resource (99 p.) 225 1 $aAnnual Reports of the Asian Development Bank-Japan Scholarship Program 300 $aDescription based upon print version of record. 311 $a92-9254-343-1 327 $aCover; Contents; Abbreviations; I. Introduction; II. 2012 Program and Activities; A. Scholarship Budget; B. Scholarship Statistics; C. New Developments; III. ADB-JSP Helps Students and Alumni Achieve Career Aspirations; IV. Theses and Research Papers Completed in 2012; V. Summary and Conclusions; Appendixes; 1 Designated Institutions; 2 Asian Development Bank-Japan Scholarship Program Coordinators at Designated Institutions; 3 Scholarships Awarded and Completed, Top 15 Nationalities, 1988-2012; 4 Profile of All Scholars and Graduates, 1988-2012 327 $a5 Scholarships Awarded and Completed by Designated Institution, 1988-20126 Independent Auditors' Report and Financial Statements; 7 Profile of Scholars and Graduates for Academic Year 2012 410 0$aAnnual Reports of the Asian Development Bank-Japan Scholarship Program 606 $aEducational exchanges 606 $aScholarships 615 0$aEducational exchanges. 615 0$aScholarships. 676 $a370.196 801 0$bMiAaPQ 801 1$bMiAaPQ 801 2$bMiAaPQ 906 $aBOOK 912 $a9910809982303321 996 $aAsian Development Bank-Japan scholarship program$93960151 997 $aUNINA